000 00493nam a22001691a 4500
001 10452
003 OSt
005 20260204212200.0
008 090202s1972||||dr ||||||b||||||||||spa||
050 _aRD 972.95053 F849c
100 _aFranco, Franklin J.
245 _aLa crisis de 1929 y la génesis del trujillato / Franklin J. Franco
264 _aSanto Domingo : Cultural Dominicana
300 _a128 p
650 _aHistoria - República Dominicana - Era de TrujilloÌ
942 _2ddc
_cBK
999 _c10452
_d10452